| 000 | 01291nam a22003737a 4500 | ||
|---|---|---|---|
| 003 | OSt | ||
| 005 | 20230531112312.0 | ||
| 008 | 221006b |||||||| |||| 00| 0 eng d | ||
| 040 | _cBiblioteca Lado V | ||
| 082 |
_a779 _bK37p |
||
| 100 |
_9832 _aKenyon, Colleen _edirector |
||
| 245 |
_aPhotography quarterly/ _bSouvenirs of self latino/a & latin american art photography & video/ |
||
| 260 |
_bCenter for Photography at Woodstock _c2000 _aNEW YORK |
||
| 300 |
_c21x28cm _a31p. |
||
| 366 | _eeng | ||
| 490 |
_a3 _v19 _x0890-4639 |
||
| 505 | _aIntroduction | ||
| 505 | _aPersonal Permanent Records | ||
| 505 | _a9 Movements Toward a Possible Identikit | ||
| 505 | _aBretaying Amnesia, Portraying Ourselves | ||
| 505 | _aIn Light | ||
| 505 | _aOpportunity Knocks | ||
| 505 | _aNoted Books | ||
| 505 | _aArtist's Books | ||
| 505 | _aArtbabble | ||
| 505 | _aReviews | ||
| 650 |
_2Tesauro de Arte & Arquitectura _aARTE _9703 |
||
| 650 |
_2Tesauro de Arte & Arquitectura _aFOTOGRAFIA _9702 |
||
| 650 |
_2Tesauro de Arte & Arquitectura _aAMERICA LATINA _9702 |
||
| 650 |
_2Tesauro de Arte & Arquitectura _aVIDEO |
||
| 650 |
_2Tesauro de Arte & Arquitectura _aINGLES |
||
| 651 |
_2Tesauro de Arte & Arquitectura _aNEW YORK |
||
| 942 |
_2ddc _c1 _h779 _iK37p _n0 |
||
| 999 |
_c3773 _d3773 |
||